[Event "Sabaneta op-A 2nd"]
[Site "Sabaneta Antioquia"]
[Date "2023.06.30"]
[Round "5"]
[White "Valdez Martinez, Miguel A"]
[Black "Mitkov, Nikola"]
[Result "0-1"]
[WhiteElo "2138"]
[BlackElo "2459"]
[PlyCount "82"]
[EventDate "2023.06.28"]
[EventType "swiss"]
[EventRounds "9"]
[EventCountry "COL"]
[SourceTitle "CBM 215 Extra"]
[Source "ChessBase"]
[SourceDate "2023.09.30"]
[SourceVersion "1"]
[SourceVersionDate "2023.09.30"]
[SourceQuality "1"]

1. d4 d5 2. Nf3 Nf6 3. e3 Bf5 4. Bd3 e6 5. Bxf5 exf5 6. Qd3 Qc8 7. 0-0 c6 8. c4 dxc4 9. Qxc4 Bd6 10. Nbd2 0-0 11. b4 b5 12. Qb3 Qe6 13. a3 a5 14. bxa5 Rxa5 15. Bb2 Qxb3 16. Nxb3 Ra6 17. Rfc1 Nd5 18. Nc5 Ra7 19. e4 fxe4 20. Nxe4 Bf4 21. Rc2 Re8 22. Re1 Rae7 23. Rce2 f5 24. Nc3 Rxe2 25. Rxe2 Rxe2 26. Nxe2 Bd6 27. Kf1 Nb6 28. Nd2 Na4 29. Bc1 Kf7 30. Ng3 Ke6 31. Ke2 Bxg3 32. hxg3 Nd7 33. Kd3 Nf6 34. Nf3 Ne4 35. Ke3 Nac3 36. Ne5 Kd5 37. f3 Nxg3 38. Nd3 Kc4 39. Ne5+ Kd5 40. Nd3 Kd6 41. Bd2 Nf1+ 0-1

[Event "Palmira Fortalece Sede"]
[Site "Palmira"]
[Date "2022.12.15"]
[Round "5"]
[White "Valdez Martinez, Miguel A"]
[Black "Pazos Gambarrotti, Plinio Efrain"]
[Result "1-0"]
[WhiteElo "2104"]
[BlackElo "2083"]
[PlyCount "65"]
[EventDate "2022.12.13"]
[EventType "swiss"]
[EventRounds "10"]
[EventCountry "COL"]
[SourceTitle "CBM 211 Extra"]
[Source "ChessBase"]
[SourceDate "2023.01.31"]
[SourceVersion "1"]
[SourceVersionDate "2023.01.31"]
[SourceQuality "1"]

1. d4 Nf6 2. Nf3 g6 3. e3 Bg7 4. b4 0-0 5. Be2 d6 6. 0-0 e5 7. Bb2 e4 8. Nfd2 d5 9. c4 c6 10. a4 Be6 11. Nc3 Nbd7 12. b5 a6 13. bxa6 bxa6 14. a5 h5 15. Ba3 Re8 16. Qa4 Bg4 17. Rfc1 Re6 18. cxd5 cxd5 19. Bf1 Rc8 20. Na2 Nb8 21. Nb3 Nh7 22. Bc5 Ng5 23. Bb6 Qf8 24. Nb4 h4 25. Rxc8 Qxc8 26. Rc1 Qf8 27. Nd2 Nd7 28. Nxd5 Rd6 29. Rc8 Rxd5 30. Rxf8+ Bxf8 31. Bxa6 h3 32. Bb7 Rd6 33. Bc7 1-0

[Event "Palmira Fortalece Sede"]
[Site "Palmira"]
[Date "2022.12.14"]
[Round "3"]
[White "Valdez Martinez, Miguel A"]
[Black "Mora Munoz, Alejandro"]
[Result "1/2-1/2"]
[WhiteElo "2104"]
[BlackElo "1931"]
[PlyCount "84"]
[EventDate "2022.12.13"]
[EventType "swiss"]
[EventRounds "10"]
[EventCountry "COL"]
[SourceTitle "CBM 211 Extra"]
[Source "ChessBase"]
[SourceDate "2023.01.31"]
[SourceVersion "1"]
[SourceVersionDate "2023.01.31"]
[SourceQuality "1"]

1. d4 Nf6 2. Nf3 g6 3. e3 Bg7 4. Be2 0-0 5. 0-0 d6 6. b4 c5 7. bxc5 dxc5 8. c4 b6 9. Nc3 Nc6 10. Bb2 cxd4 11. exd4 Bb7 12. Re1 Rc8 13. Qa4 Na5 14. c5 bxc5 15. dxc5 Bc6 16. Qh4 Nb7 17. Ne5 Nxc5 18. Nxc6 Rxc6 19. Bf3 Rd6 20. Ba3 Rd4 21. Qg5 Ne6 22. Qb5 Rd3 23. Bxe7 Qd4 24. Ne2 Qd7 25. Qxd7 Nxd7 26. Rad1 Rxd1 27. Rxd1 Rb8 28. Bd5 Nec5 29. Ng3 Re8 30. Bg5 Nb6 31. Bf3 h6 32. Be3 Nca4 33. Ne4 Rc8 34. Rc1 Rxc1+ 35. Bxc1 Nc4 36. Be2 Nab6 37. Bf4 f5 38. Nd6 Nxd6 39. Bxd6 Bd4 40. Bd1 Kg7 41. Bb3 Nd7 42. Kf1 Nc5 1/2-1/2

[Event "Palmira Fortalece Sede"]
[Site "Palmira"]
[Date "2022.12.13"]
[Round "1"]
[White "Valdez Martinez, Miguel A"]
[Black "Cori Quispe, Kevin Joel"]
[Result "0-1"]
[WhiteElo "2104"]
[BlackElo "2469"]
[PlyCount "62"]
[EventDate "2022.12.13"]
[EventType "swiss"]
[EventRounds "10"]
[EventCountry "COL"]
[SourceTitle "CBM 211 Extra"]
[Source "ChessBase"]
[SourceDate "2023.01.31"]
[SourceVersion "1"]
[SourceVersionDate "2023.01.31"]
[SourceQuality "1"]

1. d4 Nf6 2. Nf3 e6 3. e3 c5 4. Bd3 Nc6 5. c3 d5 6. Nbd2 cxd4 7. exd4 g6 8. 0-0 Bg7 9. Re1 0-0 10. Qe2 Qc7 11. Ne5 Nh5 12. Ndf3 f6 13. Nxc6 bxc6 14. Qe3 e5 15. Be2 Nf4 16. Bf1 Bd7 17. Bd2 Bh6 18. Kh1 e4 19. g3 g5 20. gxf4 gxf4 21. Qe2 Bg4 22. Bg2 Kh8 23. Qf1 exf3 24. Bh3 Qc8 25. Bxg4 Qxg4 26. Re7 Rg8 27. Rae1 Qh5 28. Qd3 f5 29. Qa6 Rg2 30. Rxh7+ Kxh7 31. Qb7+ Rg7 0-1

[Event "Jamundi Fortalece Sede op"]
[Site "Jamundi"]
[Date "2022.12.11"]
[Round "10"]
[White "Londono Lopez, Donaldo Eliuver"]
[Black "Valdez Martinez, Miguel A"]
[Result "0-1"]
[WhiteElo "2057"]
[BlackElo "2104"]
[PlyCount "97"]
[EventDate "2022.12.05"]
[EventType "swiss"]
[EventRounds "10"]
[EventCountry "COL"]
[SourceTitle "CBM 211 Extra"]
[Source "ChessBase"]
[SourceDate "2023.01.31"]
[SourceVersion "1"]
[SourceVersionDate "2023.01.31"]
[SourceQuality "1"]

1. e4 c5 2. Nf3 Nc6 3. d4 cxd4 4. Nxd4 e5 5. Nb5 d6 6. N1c3 a6 7. Na3 Be7 8. Nc4 b5 9. Ne3 Nf6 10. Ned5 0-0 11. Be3 Rb8 12. Qd2 Be6 13. Nxf6+ Bxf6 14. Be2 Nd4 15. 0-0 Nxe2+ 16. Nxe2 d5 17. exd5 Qxd5 18. Qxd5 Bxd5 19. Rfd1 Rfd8 20. Nc3 Bc6 21. Ba7 Rxd1+ 22. Rxd1 Rd8 23. Kf1 Rxd1+ 24. Nxd1 Kf8 25. Ne3 h5 26. Ke2 Ke7 27. f3 Ke6 28. b3 Be7 29. Kd3 f5 30. c4 g5 31. cxb5 axb5 32. Nc2 h4 33. Ke2 f4 34. h3 Bd5 35. Bb6 Kd7 36. Ne1 Kc6 37. Bf2 e4 38. fxe4 Bxe4 39. a4 b4 40. Kd2 Bf6 41. Nf3 Bd5 42. Kc2 Be4+ 43. Kd1 Bd3 44. Bd4 Bxd4 45. Nxd4+ Kd5 46. Nf3 Bf1 47. Nxg5 Bxg2 48. Ke2 Ke5 49. Ke1 0-1

[Event "Jamundi Fortalece Sede op"]
[Site "Jamundi"]
[Date "2022.12.09"]
[Round "7"]
[White "Cori Quispe, Kevin Joel"]
[Black "Valdez Martinez, Miguel A"]
[Result "1-0"]
[WhiteElo "2469"]
[BlackElo "2104"]
[PlyCount "119"]
[EventDate "2022.12.05"]
[EventType "swiss"]
[EventRounds "10"]
[EventCountry "COL"]
[SourceTitle "CBM 211 Extra"]
[Source "ChessBase"]
[SourceDate "2023.01.31"]
[SourceVersion "1"]
[SourceVersionDate "2023.01.31"]
[SourceQuality "1"]

1. e4 c5 2. Nf3 Nc6 3. d4 cxd4 4. Nxd4 e5 5. Nb5 d6 6. c4 g6 7. N1c3 a6 8. Na3 Be6 9. Be3 Bg7 10. Be2 Nf6 11. 0-0 0-0 12. Qd2 Nd4 13. Bd3 Nh5 14. Rad1 f5 15. exf5 gxf5 16. f3 Kh8 17. Nc2 Nc6 18. Be2 f4 19. Bf2 Bf5 20. Bd3 Be6 21. Ne4 Rg8 22. Rfe1 Bf8 23. Bf1 Bf5 24. Nb4 Rg6 25. c5 Bxe4 26. Rxe4 dxc5 27. Nxc6 Qxd2 28. Rxd2 Rxc6 29. Rxe5 Ng7 30. Rd7 b5 31. Red5 Rac8 32. Bd3 c4 33. Bc2 c3 34. b3 Re6 35. Kf1 Rce8 36. Rc7 b4 37. Be4 Rd6 38. Rxd6 Bxd6 39. Rc6 Be5 40. Rxa6 Rd8 41. Rb6 Rd2 42. Be1 Rd1 43. Ke2 Ra1 44. Ra6 Kg8 45. Bf2 Kf7 46. Ra7+ Ke6 47. Bc5 Nf5 48. Ra6+ Bd6 49. Bxb4 Nd4+ 50. Kf2 Rxa2+ 51. Rxa2 Bxb4 52. Bxh7 Bc5 53. Ke1 Bb4 54. Kd1 Kd5 55. Ra8 Nb5 56. Rb8 Kc5 57. h4 Nc7 58. Be4 Na6 59. Ra8 Nc7 60. Rc8 1-0

[Event "Jamundi Fortalece Sede op"]
[Site "Jamundi"]
[Date "2022.12.09"]
[Round "8"]
[White "Valdez Martinez, Miguel A"]
[Black "Gonzalez Velasco, Leandro"]
[Result "1-0"]
[WhiteElo "2104"]
[BlackElo "1937"]
[PlyCount "111"]
[EventDate "2022.12.05"]
[EventType "swiss"]
[EventRounds "10"]
[EventCountry "COL"]
[SourceTitle "CBM 211 Extra"]
[Source "ChessBase"]
[SourceDate "2023.01.31"]
[SourceVersion "1"]
[SourceVersionDate "2023.01.31"]
[SourceQuality "1"]

1. Nf3 Nf6 2. d4 g6 3. Bf4 Bg7 4. e3 0-0 5. h3 d6 6. Be2 b6 7. 0-0 Bb7 8. Nbd2 Nbd7 9. Bh2 c5 10. a4 a5 11. Bb5 Ne4 12. c3 Ndf6 13. Nc4 Rc8 14. Na3 cxd4 15. exd4 Nd5 16. Re1 f5 17. Nc4 Kh8 18. Ncd2 Ndf6 19. Qe2 Bh6 20. Rad1 g5 21. Nxe4 fxe4 22. Nd2 Rg8 23. Nf1 g4 24. h4 Qc7 25. Ng3 Bf4 26. Nf1 Nh5 27. d5 Bxh2+ 28. Kxh2 e5 29. dxe6 Qe7 30. g3 Qxe6 31. Ne3 Nf6 32. Qd2 d5 33. Qd4 Rg7 34. c4 Rc5 35. Rd2 h6 36. Red1 dxc4 37. Bxc4 Qe7 38. b3 Kh7 39. Qd6 Rc6 40. Qf4 Bc8 41. Rd6 Rxd6 42. Rxd6 Rg6 43. Rxb6 Nh5 44. Qb8 Qf8 45. Kg1 Nxg3 46. Qxg3 Rxb6 47. Qc7+ Qg7 48. Qxb6 g3 49. Be6 gxf2+ 50. Kxf2 Qb2+ 51. Kg1 Qg7+ 52. Kh1 Qa1+ 53. Kg2 Qg7+ 54. Kh3 Qf6 55. Qc7+ Kg6 56. Qg3+ 1-0

[Event "Jamundi Fortalece Sede op"]
[Site "Jamundi"]
[Date "2022.12.07"]
[Round "4"]
[White "Pazos Gambarrotti, Plinio Efrain"]
[Black "Valdez Martinez, Miguel A"]
[Result "0-1"]
[WhiteElo "2083"]
[BlackElo "2104"]
[PlyCount "114"]
[EventDate "2022.12.05"]
[EventType "swiss"]
[EventRounds "10"]
[EventCountry "COL"]
[SourceTitle "CBM 211 Extra"]
[Source "ChessBase"]
[SourceDate "2023.01.31"]
[SourceVersion "1"]
[SourceVersionDate "2023.01.31"]
[SourceQuality "1"]

1. d4 d5 2. c4 c6 3. Nf3 e6 4. g3 f5 5. Bg2 Nf6 6. 0-0 Bd6 7. Bg5 h6 8. Bf4 0-0 9. Bxd6 Qxd6 10. Ne5 Nbd7 11. Nxd7 Bxd7 12. Nd2 Be8 13. Qc2 Bh5 14. Nf3 Bxf3 15. Bxf3 Ne4 16. e3 Qb4 17. Rfc1 Qe7 18. Bg2 h5 19. Qe2 h4 20. Qh5 hxg3 21. hxg3 Rf6 22. Rc2 Rh6 23. Qf3 dxc4 24. Qf4 Nd6 25. e4 fxe4 26. Bxe4 Rf8 27. Qe3 Nxe4 28. Qxe4 Qg5 29. Re1 Qh5 30. Qg2 Qa5 31. Qf1 Qd5 32. Qg2 Qa5 33. Qf1 Qf5 34. Rce2 Qd5 35. Qg2 Qxd4 36. Qe4 Qd5 37. Rc2 Qh5 38. Qg2 b5 39. b3 cxb3 40. axb3 Qd5 41. Rxc6 Qxb3 42. Ra6 Rhf6 43. Rf1 R6f7 44. Qe4 Qd5 45. Qe3 Rf6 46. Rxa7 Rh6 47. f3 Qh5 48. Kf2 Rxf3+ 49. Qxf3 Qc5+ 50. Qe3 Rh2+ 51. Kf3 Qh5+ 52. g4 Rh3+ 53. Kf2 Qh4+ 54. Ke2 Rxe3+ 55. Kxe3 Qg3+ 56. Kd2 Qg2+ 57. Ke1 Qe4+ 0-1

[Event "Jamundi Fortalece Sede op"]
[Site "Jamundi"]
[Date "2022.12.05"]
[Round "1"]
[White "Valdez Martinez, Miguel A"]
[Black "Larino Nieto, David"]
[Result "1/2-1/2"]
[WhiteElo "2104"]
[BlackElo "2466"]
[PlyCount "134"]
[EventDate "2022.12.05"]
[EventType "swiss"]
[EventRounds "10"]
[EventCountry "COL"]
[SourceTitle "CBM 211 Extra"]
[Source "ChessBase"]
[SourceDate "2023.01.31"]
[SourceVersion "1"]
[SourceVersionDate "2023.01.31"]
[SourceQuality "1"]

1. d4 d6 2. Nf3 Nd7 3. e3 b6 4. Nbd2 Bb7 5. a4 a5 6. Bb5 e6 7. 0-0 g5 8. Qe2 g4 9. Ne1 h5 10. e4 Bg7 11. c3 Ne7 12. f4 e5 13. fxe5 dxe5 14. dxe5 c6 15. e6 fxe6 16. Bc4 Ne5 17. Nc2 Bh6 18. Nd4 Qd6 19. Rf6 0-0-0 20. Rxe6 Qc7 21. Rxh6 Rxh6 22. Ne6 Rxe6 23. Bxe6+ Kb8 24. Nc4 Ba6 25. Bg5 Rd6 26. Qf2 Rxe6 27. Nxe5 Rxe5 28. Bf4 Ng6 29. Bg3 Ka7 30. Qf6 h4 31. Bxe5 Nxe5 32. Qxh4 c5 33. Rd1 Bd3 34. b3 Bc2 35. Qd8 Qxd8 36. Rxd8 Bxb3 37. Re8 Nd7 38. e5 Bxa4 39. e6 Nf6 40. Rf8 Ne8 41. h4 gxh3 42. gxh3 Bc6 43. h4 a4 44. h5 a3 45. h6 a2 46. Rf1 Nf6 47. Ra1 b5 48. Rxa2+ Kb6 49. Rf2 Nh7 50. e7 b4 51. cxb4 cxb4 52. Rf8 b3 53. e8Q Bxe8 54. Rxe8 Kc5 55. Rb8 Kc4 56. Rb7 Nf6 57. Kg2 Kc3 58. Kf3 b2 59. Rxb2 Kxb2 60. Kf4 Kc3 61. Kf5 Nh7 62. Kg6 Nf8+ 63. Kg7 Ne6+ 64. Kf6 Nf8 65. Kf7 Nh7 66. Kg6 Nf8+ 67. Kg7 Ne6+ 1/2-1/2